Tourisme et Droit Francais:repertoire des textes legislatifs et reglementaires - 1978
Αποθηκεύτηκε σε:
| Κύριος συγγραφέας: | |
|---|---|
| Μορφή: | Βιβλίο |
| Γλώσσα: | French |
| Δημοσίευση: |
Paris :
Centre des hautes etudes touristiques,
1978
|
| Σειρά: | Cahiers du tourisme. Serie E ;
; 14 |
| Θέματα: | |
| Ετικέτες: |
Προσθήκη ετικέτας
Δεν υπάρχουν, Καταχωρήστε ετικέτα πρώτοι!
|
MARC
| LEADER | 00000nam a2200000 i 4500 | ||
|---|---|---|---|
| 001 | 1/19446 | ||
| 008 | 960627s1978 fre d | ||
| 035 | |l 10021278 | ||
| 040 | |a GR-MY-UA |b gre |e aacr | ||
| 041 | 0 | |a fre | |
| 082 | 0 | |a 338.4791 | |
| 100 | 1 | |a Bourdely-Deltort, C. | |
| 245 | 1 | 0 | |a Tourisme et Droit Francais:repertoire des textes legislatifs et reglementaires - 1978 / |c C.Bourdely - Deltort |
| 260 | |a Paris : |b Centre des hautes etudes touristiques, |c 1978 | ||
| 300 | |a 36 p. | ||
| 490 | 1 | |a Cahiers du tourisme. Serie E |v ; 14 | |
| 500 | |a Includes index | ||
| 650 | 0 | 0 | |a Tourism. |
| 830 | 0 | |a Cahiers du tourisme. Serie E ; |v ; 14 | |
| 852 | |a INST |b CHIOS |e 19960627 |h 338.4791 BOU |p 005200007470 |q 005200007470 |t BK |y 0 | ||
| 909 | |a Χ |b 037769 | ||